Logo BPK

Biblioteka

Politechniki Koszalińskiej

Fisheries mismanagement : (Rekord nr 40743)

Szczegóły MARC
000 -ETYKIETA REKORDU
podpole kontrolne o stałej długości 01026nam a2200277 i 4500
001 - NUMER KONTROLNY REKORDU
pole kontrolne bg
020 ## - MIĘDZYNARODOWY ZNORMALIZOWANY NUMER KSIĄŻKI - ISBN
ISBN 085238243X
040 ## - ŹRÓDŁO KATALOGOWANIA
Instytucja, która utworzyła rekord BPK
041 0# - KOD JĘZYKA
Kod języka tekstu en
080 ## - UNIWERSALNA KLASYFIKACJA DZIESIĘTNA - UKD
UKD 338.4(26):639.22(261)
920 ## - Międzynarodowy znormalizowany numer książki – ISBN
ISBN 0-85238-243-X
008 - POLE O STAŁEJ DŁUGOŚCI - DANE KONTROLNE
podpole kontrolne o stałej długości s pl f |000 0 pol
100 1# - NAZWA OSOBOWA
Nazwa osobowa HANNESSON, Rögnvaldur .
245 10 - TYTUŁ/ODPOWIEDZIALNOŚĆ
Tytuł Fisheries mismanagement :
Ciąg dalszy tytułu the case of the North Atlantic cod /
Pozostałe elementy strefy tytułu i oznaczenia odpowiedzialności Rögnvaldur Hannesson.
260 ## - STREFA ADRESU WYDAWNICZEGO
Miejsce wydania Oxford :
Nazwa wydawcy/dystrybutora Fishing News Books,
Data publikacji, dystrybucji/powstania dokumentu 1996.
300 ## - STREFA OPISU FIZYCZNEGO
Objętość VII, 160 s. :
Inne cechy fizyczne 1 mapa, wykr. ;
Rozmiary 24 cm.
504 ## - UWAGA DOTYCZĄCA BIBLIOGRAFII
Informacje o bibliografii Bibliogr. - Indeks.
650 #9 - HASŁO PRZEDMIOTOWE W FORMIE NAZWY OGÓLNEJ LUB JEDNOSTKOWEJ
Nazwa ogólna lub geograficzna Rybołówstwo morskie
Określnik ogólny kontrola
Określnik geograficzny Norwegia
650 #9 - HASŁO PRZEDMIOTOWE W FORMIE NAZWY OGÓLNEJ LUB JEDNOSTKOWEJ
Nazwa ogólna lub geograficzna Rybołówstwo morskie
Określnik ogólny kontrola
Określnik geograficzny Islandia
650 #9 - HASŁO PRZEDMIOTOWE W FORMIE NAZWY OGÓLNEJ LUB JEDNOSTKOWEJ
Nazwa ogólna lub geograficzna Rybołówstwo morskie
Określnik ogólny kontrola
Określnik geograficzny Wyspy Owcze
650 #9 - HASŁO PRZEDMIOTOWE W FORMIE NAZWY OGÓLNEJ LUB JEDNOSTKOWEJ
Nazwa ogólna lub geograficzna Rybołówstwo morskie
Określnik ogólny kontrola
Określnik geograficzny Nowa Fundlandia
650 #9 - HASŁO PRZEDMIOTOWE W FORMIE NAZWY OGÓLNEJ LUB JEDNOSTKOWEJ
Nazwa ogólna lub geograficzna Rybołówstwo morskie
Określnik ogólny kontrola
-- Unia Europejska
650 #9 - HASŁO PRZEDMIOTOWE W FORMIE NAZWY OGÓLNEJ LUB JEDNOSTKOWEJ
Nazwa ogólna lub geograficzna Ryby morskie
Określnik geograficzny Ocean Atlantycki
856 ## - LOKALIZACJA I DOSTĘP DO ELEKTRONICZNYCH DOKUMENTÓW ZDALNYCH
Link (URL) http://koha.tu.koszalin.pl/cgi-bin/koha/opac-detail.pl?biblionumber=40743
Tekst linku Katalog online BPK
942 ## - DODATKOWE ELEMENTY (KOHA)
Typ dokumentu Książka
Egzemplarze
Wycofany Status egzemplarza Uszkodzony Dostępność Lokalizacja stała Lokalizacja bieżąca Miejsce przechowywania Sygnatura Kod kreskowy Status: wypożyczony Typ dokumentu
      Dostępny Biblioteka Politechniki Koszalińskiej Biblioteka Politechniki Koszalińskiej Wypożyczalnia BG 62359 01643565 03.11.2026 Książka
© 2023 Biblioteka Politechniki Koszalińskiej :: KOHA